000 00567nam a2200181Ia 4500
008 100920s9999 xx 000 0 und d
082 _b52484
_a24 थ 85
100 _aनाईक गुरुनाथ.
245 _aसैतानाची वेल.
260 _bप्रिया प्रकाशन,मुंबई 4.
_c1985
300 _a194
_bसाधी
365 _b45
520 _aसायो.
630 _aसैतानाची वेल.
650 _aसायो.
730 _aसैतानाची वेल.
942 _cBOOK
999 _c697822
_d697819